000 00438nam a22001817a 4500
003 MPLRDC
005 20220104124407.0
008 210129b ||||| |||| 00| 0 eng d
020 _a957-718-019-1
082 _a537.523 BLK
100 _a敏虹编译
245 _a寰宇性事趣闻
_c
260 _a
_b满庭芳出版社
_c1992
300 _b
490 _a保健系列. 5
650 _a婚外性交
942 _cBK
_o537.523 BLK
999 _c18977
_d18967